banner-ar

العلاج المعرفى السلوكى لنوبات الهلع المصحوبة برهاب الخلاء : (Record no. 65375)

MARC details
000 -الفاتح
حقل البيانات ثابتة الطول 00959nam a22002177a 4500
005 - وقت وتاريخ اخر تعامل مع التسجيلة
رقم الضبط 20240530110821.0
008 - عناصر البيانات ثابتة الطول - معلومات عامة
حقل البيانات ثابتة الطول 190711s2019 ua a g 000 0 ara d
017 ## - رقم الايداع القانونى
رقم الايداع القانونى 2018/26927
المصدر ( الهيئة المختصة) مصر. دار الكتب
020 ## - الرقم الدولى المعيارى للكتب
الرقم الدولى المعيارى للكتاب 9789773833539
040 ## - مصدر الفهرسة
وكالة الفهرسة الأصلية EG-CaGPL
وكالة النسخ EG-CaGPL
082 04 - رقم تصنيف ديوى العشرى
رقم الطبعة 21
رقم التصنيف 616.8914 /
رقم المادة م ع
100 0# - المدخل الرئيسى - إسم شخصى
الإسم الشخصى منتصر صلاح فتحى احمد
245 12 - بيان العنوان
العنوان العلاج المعرفى السلوكى لنوبات الهلع المصحوبة برهاب الخلاء :
بقية العنوان برنامج علاجى تفصيلى /
بيان المسئوليه,etc اعداد منتصر صلاح فتحى احمد ؛ تقديم ومراجعة محمد نجيب الصبوة
250 ## - بيان الطبعة
بيان الطبعة ط.1
260 ## - PUBLICATION, DISTRIBUTION, ETC. (IMPRINT)
تاريخ النشر أو التوزيع 2019 .
300 ## - الوصف المادى
التعداد 455 ص. ؛
أبعاد الوعاء 24 سم.
650 07 - المدخل الاضافى بالموضوع-مصطلح موضوعى
مصدر الرأس أو المصطلح qrmak
مصطلح موضوعي علم النفس العلاجى
650 07 - المدخل الاضافى بالموضوع-مصطلح موضوعى
مصطلح موضوعي الهلع
مصدر الرأس أو المصطلح qrmak
942 ## - عناصر المدخل الإضافي( كوها)
مصدر التصنيف او مخطط الترفيف Dewey Decimal Classification
Koha [default] item type كتاب
260 ## - PUBLICATION, DISTRIBUTION, ETC. (IMPRINT)
-- القاهرة :
-- ايتراك للطباعة و النشر و التوزيع،
Holdings
حالة التراجع حالة الفقد حالة تلف ليس للاعارة المكان المؤقت الموقع الحالى موقع الترفيف تاريخ الاكتساب اجمالي اﻻعارات رقم الطلب الباركود تاريخ اخر مشاهدة تاريخ تفعيل السعر نوع وعاء كوها
        مكتبة القاهرة الكبرى مكتبة القاهرة الكبرى   07/15/2019   616.8914 / م ع 166182 07/15/2019 07/15/2019 كتاب

Powered By

EGPV